00332 a2200109 4500001001000000005001700010008004100027245004600068100001700114700002400131773006700155ART_1227320260410161904.0260409a 10aUncorrelated residuals from linear models1 aDent, Warren1 aStyan, George P. H.0 tJournal of econometricsg- Vol. 7, NÂș 2 (abr. 1978)wREV11720